[Event "GER-chT Federal Cup (Women)"]
[Site "Braunfels"]
[Date "2013.06.01"]
[Round "4.2"]
[White "Schlein, Julia"]
[Black "Zhang, Fan"]
[Result "0-1"]
[WhiteElo "2095"]
[BlackElo "2089"]
[PlyCount "90"]
[EventDate "2013.05.30"]
[EventType "team-swiss"]
[EventRounds "5"]
[EventCountry "GER"]
[SourceTitle "EXT 2014"]
[Source "ChessBase"]
[SourceDate "2013.11.20"]
[SourceVersion "1"]
[SourceVersionDate "2013.11.20"]
[SourceQuality "1"]
[WhiteTeam "Hessen (W)"]
[BlackTeam "Nordrhein Westfalen (W)"]
[WhiteTeamCountry "GER"]
[BlackTeamCountry "GER"]

1. d4 d5 2. c4 c6 3. Nf3 Nf6 4. Nc3 a6 5. c5 Bf5 6. Bf4 Nbd7 7. e3 Nh5 8. Be5 f6 9. Nh4 Be6 10. Bg3 Bf7 11. Be2 Nxg3 12. hxg3 e5 13. Nf3 Be7 14. 0-0 0-0 15. b4 Bh5 16. Ne1 Bxe2 17. Qxe2 f5 18. Nf3 Bf6 19. Qc2 e4 20. Nd2 g5 21. Ne2 Rf7 22. a4 Nf8 23. b5 Ne6 24. bxc6 bxc6 25. Rab1 f4 26. gxf4 gxf4 27. Rb6 Qc8 28. Qb3 Bd8 29. a5 f3 30. Ng3 fxg2 31. Kxg2 Ng5 32. Rh1 Bxb6 33. cxb6 Qf8 34. Rf1 Qh6 35. Rh1 Qf6 36. Rf1 Raf8 37. Qd1 Nf3 38. Qe2 Qh4 39. Rh1 Qg4 40. Rf1 h5 41. Rb1 h4 42. b7 Rb8 43. Qxa6 Nxd2 44. Rb2 Qf3+ 45. Kh2 hxg3+ 0-1

[Event "GER-chT Federal Cup (Women)"]
[Site "Braunfels"]
[Date "2013.05.31"]
[Round "3.2"]
[White "Schmidt, Jade"]
[Black "Schlein, Julia"]
[Result "1-0"]
[WhiteElo "2089"]
[BlackElo "2095"]
[PlyCount "45"]
[EventDate "2013.05.30"]
[EventType "team-swiss"]
[EventRounds "5"]
[EventCountry "GER"]
[SourceTitle "EXT 2014"]
[Source "ChessBase"]
[SourceDate "2013.11.20"]
[SourceVersion "1"]
[SourceVersionDate "2013.11.20"]
[SourceQuality "1"]
[WhiteTeam "Hamburg (W)"]
[BlackTeam "Hessen (W)"]
[WhiteTeamCountry "GER"]
[BlackTeamCountry "GER"]

1. d4 Nf6 2. c4 g6 3. Nc3 Bg7 4. e4 d6 5. f3 0-0 6. Be3 e5 7. d5 c5 8. Qd2 Re8 9. Bd3 Na6 10. Nge2 Nc7 11. 0-0 Rb8 12. a4 a6 13. a5 Bd7 14. b4 cxb4 15. Na2 b3 16. Nac3 Na8 17. Rfb1 b6 18. axb6 Nxb6 19. Rxa6 Qc7 20. Nb5 Bxb5 21. cxb5 Nc4 22. Qc1 Rec8 23. Rc6 1-0

[Event "Hessenliga 1213"]
[Site "Germany"]
[Date "2013.03.03"]
[Round "7.5"]
[White "Schlein, Julia"]
[Black "Hahn, Werner"]
[Result "1/2-1/2"]
[WhiteElo "2095"]
[BlackElo "2171"]
[PlyCount "74"]
[EventDate "2012.09.16"]
[EventType "team-tourn"]
[EventRounds "9"]
[EventCountry "GER"]
[SourceTitle "EXT 2014"]
[Source "ChessBase"]
[SourceDate "2013.11.20"]
[SourceVersion "1"]
[SourceVersionDate "2013.11.20"]
[SourceQuality "1"]
[WhiteTeam "Steinbach"]
[BlackTeam "Griesheim II"]
[WhiteTeamCountry "GER"]
[BlackTeamCountry "GER"]

1. d4 Nf6 2. c4 g6 3. Nc3 Bg7 4. e4 d6 5. Nf3 0-0 6. Be2 e5 7. Be3 exd4 8. Nxd4 Re8 9. f3 c6 10. Qd2 Nbd7 11. 0-0-0 Qc7 12. Kb1 a6 13. g4 Nc5 14. h4 b5 15. cxb5 axb5 16. Ndxb5 cxb5 17. Nxb5 Qb6 18. Nxd6 Be6 19. Bc4 Bxc4 20. Nxc4 Qa6 21. b3 Nxb3 22. Qb2 Qxc4 23. axb3 Qe6 24. Bd4 Rab8 25. Rd3 Red8 26. Rhd1 Rxd4 27. Qxd4 Rxb3+ 28. Rxb3 Qxb3+ 29. Kc1 Ne8 30. Rd3 Bxd4 31. Rxb3 h5 32. gxh5 gxh5 33. Rb5 Ng7 34. Kd2 Bf6 35. Rb8+ Kh7 36. Rb7 Kg8 37. Rb8+ Kh7 1/2-1/2

[Event "Hessenliga 1213"]
[Site "Germany"]
[Date "2013.02.17"]
[Round "6.5"]
[White "Kaliski, Erwin"]
[Black "Schlein, Julia"]
[Result "1-0"]
[WhiteElo "2266"]
[BlackElo "2095"]
[PlyCount "51"]
[EventDate "2012.09.16"]
[EventType "team-tourn"]
[EventRounds "9"]
[EventCountry "GER"]
[SourceTitle "EXT 2014"]
[Source "ChessBase"]
[SourceDate "2013.11.20"]
[SourceVersion "1"]
[SourceVersionDate "2013.11.20"]
[SourceQuality "1"]
[WhiteTeam "Bad Nauheim"]
[BlackTeam "Steinbach"]
[WhiteTeamCountry "GER"]
[BlackTeamCountry "GER"]

1. e4 g6 2. d4 Bg7 3. Nc3 d6 4. Be2 Nf6 5. Be3 0-0 6. h4 e5 7. h5 exd4 8. Bxd4 Nc6 9. hxg6 fxg6 10. Be3 Qe7 11. Nh3 Ne5 12. Qd2 Be6 13. 0-0-0 Nc4 14. Bxc4 Bxc4 15. f3 b5 16. Nf4 a5 17. Ncd5 Qf7 18. b3 Bxd5 19. Nxd5 a4 20. Kb1 axb3 21. cxb3 c5 22. Bh6 Ra6 23. Bxg7 Qxg7 24. Nxf6+ Qxf6 25. Qd5+ Kg7 26. Qb7+ 1-0

[Event "BL2 Sued 1213 (Women)"]
[Site "Germany"]
[Date "2012.12.02"]
[Round "4.4"]
[White "Aswathy, Balagopalan"]
[Black "Schlein, Julia"]
[Result "1-0"]
[WhiteElo "1939"]
[BlackElo "2095"]
[PlyCount "51"]
[EventDate "2012.10.06"]
[EventType "team-tourn"]
[EventRounds "7"]
[EventCountry "GER"]
[SourceTitle "EXT 2018"]
[Source "ChessBase"]
[SourceDate "2017.10.13"]
[SourceVersion "1"]
[SourceVersionDate "2017.10.13"]
[SourceQuality "1"]
[WhiteTeam "Bayern Muenchen (W)"]
[BlackTeam "Schott Mainz (W)"]
[WhiteTeamCountry "GER"]
[BlackTeamCountry "GER"]

1. e4 c6 2. d4 d5 3. Nc3 dxe4 4. Nxe4 Nd7 5. Bc4 Ngf6 6. Ng5 e6 7. Qe2 Nb6 8. Bb3 h6 9. N5f3 Be7 10. c3 0-0 11. h4 c5 12. Be3 cxd4 13. 0-0-0 Nbd5 14. Bxd4 Bd7 15. Nh3 Qa5 16. Nhg5 Rac8 17. Qc2 g6 18. h5 hxg5 19. hxg6 Nb4 20. Qb1 Bc6 21. gxf7+ Rxf7 22. Qg6+ Rg7 23. Bxe6+ Kf8 24. Rh8+ Ng8 25. Rxg8+ Rxg8 26. Qxg8# 1-0

[Event "Oberliga Ost-B 1112"]
[Site "Germany"]
[Date "2012.02.26"]
[Round "8.5"]
[White "Dreyer, Michael"]
[Black "Schlein, Julia"]
[Result "1-0"]
[WhiteElo "2219"]
[BlackElo "2157"]
[PlyCount "75"]
[EventDate "2011.10.02"]
[EventType "team-tourn"]
[EventRounds "11"]
[EventCountry "GER"]
[SourceTitle "EXT 2013"]
[Source "ChessBase"]
[SourceDate "2012.11.22"]
[SourceVersion "1"]
[SourceVersionDate "2012.11.22"]
[SourceQuality "1"]
[WhiteTeam "Jena Schott"]
[BlackTeam "Steinbach"]
[WhiteTeamCountry "GER"]
[BlackTeamCountry "GER"]

1. e4 g6 2. d4 Bg7 3. Ne2 d6 4. g3 Nd7 5. Bg2 e5 6. 0-0 Ne7 7. Nbc3 0-0 8. Nd5 Nxd5 9. exd5 exd4 10. Nxd4 Ne5 11. h3 Qf6 12. Bd2 Nc4 13. Bc3 Qg5 14. Nf3 Qh6 15. Bxg7 Qxg7 16. b3 Nb6 17. Re1 Bf5 18. Nd4 Qf6 19. Qd2 Rae8 20. a4 a6 21. a5 Nd7 22. g4 Ne5 23. gxf5 gxf5 24. Nf3 Kh8 25. Nxe5 dxe5 26. Qc3 Rg8 27. f4 Qg7 28. Re2 f6 29. fxe5 fxe5 30. Rf1 f4 31. Kh1 Re7 32. Be4 Qf6 33. Rg1 Rd8 34. Reg2 Qh6 35. Qf3 Rf7 36. Rg5 Qf6 37. Qg4 h6 38. Rg8+ 1-0

[Event "BL 1112 (Women)"]
[Site "Germany"]
[Date "2012.01.21"]
[Round "6.3"]
[White "Babiy, Olga"]
[Black "Schlein, Julia"]
[Result "1-0"]
[WhiteElo "2288"]
[BlackElo "2157"]
[PlyCount "127"]
[EventDate "2011.10.29"]
[EventType "team-tourn"]
[EventRounds "11"]
[EventCountry "GER"]
[SourceTitle "EXT 2013"]
[Source "ChessBase"]
[SourceDate "2012.11.22"]
[SourceVersion "1"]
[SourceVersionDate "2012.11.22"]
[SourceQuality "1"]
[WhiteTeam "Muelheim Nord (W)"]
[BlackTeam "Schott Mainz (W)"]
[WhiteTeamCountry "GER"]
[BlackTeamCountry "GER"]

1. e4 c6 2. d4 d5 3. exd5 cxd5 4. Bd3 Nf6 5. c3 Nc6 6. Bf4 Qb6 7. Qb3 Qxb3 8. axb3 Bg4 9. h3 Bh5 10. b4 e6 11. b5 Nd8 12. Nd2 Be7 13. Ngf3 Bxf3 14. Nxf3 Nd7 15. Ra2 Nb6 16. Bc7 Nc8 17. b6 f6 18. Bb5+ Kf7 19. Kd2 a6 20. Bd7 Nd6 21. b4 Nc4+ 22. Kd3 Bd6 23. Re1 Ke7 24. Bxe6 Nxe6 25. Rae2 Ne5+ 26. dxe5 Nf4+ 27. Kc2 Bxc7 28. exf6+ Kxf6 29. Re7 Bd6 30. Rxb7 Rab8 31. Rd7 Rhd8 32. Rxd8 Rxd8 33. Nd4 Nxg2 34. Re6+ Kf7 35. b7 Bf4 36. Rxa6 Ne1+ 37. Kd1 Nd3 38. Ne6 Nxf2+ 39. Ke2 Re8 40. Kf3 Bh2 41. Ng5+ Ke7 42. Kxf2 Rb8 43. Rb6 Kd7 44. Ne6 Bd6 45. Nd4 Bc7 46. Rb5 Kd6 47. Kg2 Bd8 48. Nf5+ Kc6 49. Rc5+ Kxb7 50. Nxg7 Bf6 51. Nf5 Kb6 52. Ne3 Rg8+ 53. Kf3 Be5 54. Nxd5+ Kb7 55. Ne3 Bd6 56. Rh5 Rg7 57. Nf5 Rf7 58. Ke4 Bh2 59. c4 Kc7 60. Rh6 Rd7 61. c5 Bg1 62. b5 Kb8 63. c6 Rf7 64. Nd6 1-0

[Event "BL 1112 (Women)"]
[Site "Germany"]
[Date "2011.10.30"]
[Round "2.3"]
[White "Schlein, Julia"]
[Black "Arakhamia Grant, Ketevan"]
[Result "0-1"]
[WhiteElo "2157"]
[BlackElo "2456"]
[PlyCount "124"]
[EventDate "2011.10.29"]
[EventType "team-tourn"]
[EventRounds "11"]
[EventCountry "GER"]
[SourceTitle "EXT 2013"]
[Source "ChessBase"]
[SourceDate "2012.11.22"]
[SourceVersion "1"]
[SourceVersionDate "2012.11.22"]
[SourceQuality "1"]
[WhiteTeam "Schott Mainz (W)"]
[BlackTeam "Baden-Baden (W)"]
[WhiteTeamCountry "GER"]
[BlackTeamCountry "GER"]

1. d4 Nf6 2. c4 c5 3. d5 e5 4. Nc3 d6 5. Bg5 Be7 6. e4 Nbd7 7. Be2 Nf8 8. h4 h6 9. Be3 h5 10. Qd2 Ng4 11. Bxg4 Bxg4 12. g3 a6 13. f3 Bd7 14. Nge2 b5 15. b3 g6 16. a4 bxc4 17. bxc4 Rb8 18. 0-0 f5 19. f4 Bf6 20. fxe5 Bxe5 21. Bf4 Qe7 22. Rae1 Bc8 23. exf5 gxf5 24. Bxe5 dxe5 25. Nf4 Kd8 26. Ne6+ Bxe6 27. dxe6+ Ke8 28. Rxe5 Qg7 29. Re3 Qd4 30. Qe1 Rg8 31. Rxf5 Rb2 32. Rf2 Rxf2 33. Qxf2 Rg7 34. Kh2 Ng6 35. Qf3 Ke7 36. Rd3 Ne5 37. Qb7+ Kf6 38. Nd5+ Kf5 39. Rxd4 Rxb7 40. Rf4+ Kxe6 41. Rf6+ Kd7 42. Rxa6 Rb2+ 43. Kg1 Nxc4 44. Nf6+ Kc7 45. Nxh5 Ne5 46. Nf4 c4 47. Re6 Nf3+ 48. Kf1 c3 49. Re3 c2 50. Rc3+ Kd6 51. Ne2 Nd2+ 52. Kg2 Ne4 53. Rd3+ Ke5 54. Kf3 Rb1 55. Rd8 Rb3+ 56. Kg4 Re3 57. Nc1 Rxg3+ 58. Kh5 Nf6+ 59. Kh6 Kf5 60. h5 Rg5 61. Rc8 Rxh5+ 62. Kg7 Rh7+ 0-1

[Event "Oberliga Ost-B 1011"]
[Site "Germany"]
[Date "2011.03.20"]
[Round "9.4"]
[White "Jakel, Wolfgang"]
[Black "Schlein, Julia"]
[Result "0-1"]
[WhiteElo "2262"]
[BlackElo "2151"]
[PlyCount "76"]
[EventDate "2010.10.24"]
[EventType "team-tourn"]
[EventRounds "11"]
[EventCountry "GER"]
[SourceTitle "EXT 2012"]
[Source "ChessBase"]
[SourceDate "2011.11.24"]
[SourceVersion "1"]
[SourceVersionDate "2011.11.24"]
[SourceQuality "1"]
[WhiteTeam "Offenbach"]
[BlackTeam "Steinbach"]
[WhiteTeamCountry "GER"]
[BlackTeamCountry "GER"]

1. e4 c6 2. d4 d5 3. Nd2 dxe4 4. Nxe4 Nd7 5. Bc4 Ngf6 6. Ng5 e6 7. Ne2 Be7 8. 0-0 Nd5 9. Nf3 0-0 10. Bb3 Qc7 11. c4 N5f6 12. Nc3 Rd8 13. Qe2 a5 14. Bg5 b6 15. Rad1 Ba6 16. Rfe1 Bb4 17. Qc2 Rac8 18. a3 Bd6 19. Ne4 Bf4 20. Bh4 Re8 21. Ba2 Nxe4 22. Qxe4 Bb7 23. Ne5 Bxe5 24. dxe5 c5 25. Qe3 Nf8 26. Rd6 Ng6 27. Bg3 Ne7 28. Bb1 Bc6 29. Bh4 Ng6 30. Qg3 Rb8 31. Red1 b5 32. cxb5 Rxb5 33. Bxg6 hxg6 34. Qc3 Bd5 35. Bg5 Qb7 36. f3 Rxb2 37. Qxc5 Qb3 38. Qd4 Rxg2+ 0-1

[Event "Oberliga Ost-B 0910"]
[Site "Germany"]
[Date "2010.02.28"]
[Round "8.6"]
[White "Stockmann, Michael"]
[Black "Schlein, Julia"]
[Result "1-0"]
[WhiteElo "2220"]
[BlackElo "2137"]
[PlyCount "69"]
[EventDate "2009.10.18"]
[EventType "team-tourn"]
[EventRounds "11"]
[EventCountry "GER"]
[SourceTitle "EXT 2011"]
[Source "ChessBase"]
[SourceDate "2010.11.26"]
[SourceVersion "1"]
[SourceVersionDate "2010.11.26"]
[SourceQuality "1"]
[WhiteTeam "Schoeneck"]
[BlackTeam "Steinbach"]
[WhiteTeamCountry "GER"]
[BlackTeamCountry "GER"]

1. d4 Nf6 2. c4 e6 3. Nf3 d5 4. Nc3 c5 5. cxd5 exd5 6. g3 Nc6 7. Bg2 c4 8. 0-0 Be6 9. Ne5 Be7 10. Nxc4 dxc4 11. d5 Nxd5 12. Nxd5 0-0 13. Bf4 Rc8 14. Nxe7+ Nxe7 15. Bxb7 Qb6 16. Bxc8 Rxc8 17. Qd6 Qb7 18. Rfd1 h5 19. Qd4 Bh3 20. f3 Nf5 21. Qf2 Ne7 22. Rd2 Nd5 23. Be5 a5 24. Qd4 c3 25. bxc3 Nxc3 26. Rc2 Qb5 27. Rxc3 Rxc3 28. Qd8+ Kh7 29. Bxc3 Qxe2 30. Qd2 Qxf3 31. Bxa5 h4 32. Qf2 Qd5 33. Bc3 Bd7 34. Qd4 Qg5 35. Qxh4+ 1-0

[Event "Oberliga Ost-B 0910"]
[Site "Germany"]
[Date "2010.01.24"]
[Round "7.6"]
[White "Schlein, Julia"]
[Black "Troyke, Doreen"]
[Result "1-0"]
[WhiteElo "2137"]
[BlackElo "2105"]
[PlyCount "79"]
[EventDate "2009.10.18"]
[EventType "team-tourn"]
[EventRounds "11"]
[EventCountry "GER"]
[SourceTitle "EXT 2011"]
[Source "ChessBase"]
[SourceDate "2010.11.26"]
[SourceVersion "1"]
[SourceVersionDate "2010.11.26"]
[SourceQuality "1"]
[WhiteTeam "Steinbach"]
[BlackTeam "Erfurt SK II"]
[WhiteTeamCountry "GER"]
[BlackTeamCountry "GER"]

1. d4 d5 2. Nf3 Nf6 3. c4 dxc4 4. e3 c5 5. Bxc4 cxd4 6. exd4 e6 7. 0-0 Be7 8. Qe2 0-0 9. Rd1 Nc6 10. Nc3 Nb4 11. Bf4 a6 12. a3 Nbd5 13. Be5 b5 14. Bd3 Bb7 15. Ne4 Nxe4 16. Qxe4 g6 17. Qg4 Bf6 18. h4 Qe7 19. Re1 Rac8 20. h5 Rfe8 21. Re2 Bg7 22. hxg6 hxg6 23. Nh4 Nf6 24. Qh3 g5 25. Nf3 g4 26. Bxf6 gxh3 27. Bxe7 Bxf3 28. gxf3 Rxe7 29. d5 Rd7 30. Be4 Rcd8 31. dxe6 fxe6 32. Rae1 Rd2 33. b4 Bb2 34. Bb7 Bxa3 35. Bxa6 Bxb4 36. Rxe6 Bc5 37. Kh2 Rxf2+ 38. Kxh3 Rxf3+ 39. Kg4 Rb3 40. R6e5 1-0

[Event "Oberliga Ost-B 0910"]
[Site "Germany"]
[Date "2009.11.14"]
[Round "2.6"]
[White "Schlein, Julia"]
[Black "Seifert, Christopher"]
[Result "0-1"]
[WhiteElo "2137"]
[BlackElo "2103"]
[PlyCount "88"]
[EventDate "2009.10.18"]
[EventType "team-tourn"]
[EventRounds "11"]
[EventCountry "GER"]
[SourceTitle "EXT 2011"]
[Source "ChessBase"]
[SourceDate "2010.11.26"]
[SourceVersion "1"]
[SourceVersionDate "2010.11.26"]
[SourceQuality "1"]
[WhiteTeam "Steinbach"]
[BlackTeam "Neuberg"]
[WhiteTeamCountry "GER"]
[BlackTeamCountry "GER"]

1. d4 g6 2. Nf3 Bg7 3. e4 c5 4. d5 d6 5. Nbd2 Nf6 6. Bb5+ Bd7 7. Qe2 a6 8. Bxd7+ Nbxd7 9. a4 0-0 10. 0-0 b6 11. Rd1 Ne8 12. Nc4 Qb8 13. Bg5 f6 14. Bf4 Nc7 15. Nh4 Qe8 16. Qg4 Rd8 17. Ra3 Qf7 18. Rg3 b5 19. axb5 axb5 20. Na5 Ne5 21. Bxe5 fxe5 22. Rf3 Qe8 23. Nc6 Ra8 24. Rxf8+ Kxf8 25. Nf3 Bf6 26. Ng5 Kg7 27. h4 h6 28. Nf3 h5 29. Qg3 e6 30. Ng5 exd5 31. exd5 Nxd5 32. Rxd5 Qxc6 33. Qd3 Be7 34. Ne6+ Kf7 35. Ng5+ Bxg5 36. hxg5 Ke6 37. Qxg6+ Kxd5 38. Qf7+ Kd4 39. c3+ Kd3 40. g6 Qe4 41. Qf6 Ra1+ 42. Kh2 Qf4+ 43. Qxf4 exf4 44. Kh3 Rh1# 0-1

[Event "Oberliga Ost-B 0809"]
[Site "Germany"]
[Date "2009.03.28"]
[Round "10.6"]
[White "Schlein, Julia"]
[Black "Schneider, Heiko"]
[Result "1-0"]
[WhiteElo "2147"]
[BlackElo "2223"]
[PlyCount "51"]
[EventDate "2008.10.26"]
[EventType "team-tourn"]
[EventRounds "11"]
[EventCountry "GER"]
[SourceTitle "EXT 2010"]
[Source "ChessBase"]
[SourceDate "2010.11.25"]
[SourceVersion "1"]
[SourceVersionDate "2010.11.25"]
[SourceQuality "1"]
[WhiteTeam "Steinbach"]
[BlackTeam "Moerlenbach"]
[WhiteTeamCountry "GER"]
[BlackTeamCountry "GER"]

1. d4 Nf6 2. Nf3 g6 3. c4 Bg7 4. Nc3 d5 5. e3 0-0 6. Be2 c5 7. 0-0 dxc4 8. Bxc4 cxd4 9. exd4 Qc7 10. Ne5 Nc6 11. Nb5 Qd8 12. Be3 Na5 13. Be2 a6 14. Nc3 Be6 15. Bf3 Rc8 16. Rc1 Qd6 17. Bf4 Qb4 18. Qd2 Rfd8 19. Rfd1 Nc4 20. Nxc4 Rxc4 21. Be5 Ng4 22. Bxg7 Kxg7 23. d5 Ne5 24. Be2 Rcc8 25. a3 Qa5 26. Qf4 1-0

[Event "Oberliga Ost-B 0809"]
[Site "Germany"]
[Date "2009.03.01"]
[Round "8.7"]
[White "Kopp, Peter"]
[Black "Schlein, Julia"]
[Result "1-0"]
[WhiteElo "2127"]
[BlackElo "2147"]
[PlyCount "69"]
[EventDate "2008.10.26"]
[EventType "team-tourn"]
[EventRounds "11"]
[EventCountry "GER"]
[SourceTitle "EXT 2010"]
[Source "ChessBase"]
[SourceDate "2010.11.25"]
[SourceVersion "1"]
[SourceVersionDate "2010.11.25"]
[SourceQuality "1"]
[WhiteTeam "Hofheim II"]
[BlackTeam "Steinbach"]
[WhiteTeamCountry "GER"]
[BlackTeamCountry "GER"]

1. Nf3 d5 2. g3 c5 3. Bg2 Nc6 4. d3 Nf6 5. 0-0 e6 6. Nbd2 Be7 7. e4 0-0 8. Re1 b5 9. e5 Nd7 10. Nf1 a5 11. h4 Ba6 12. Bf4 b4 13. a4 Rc8 14. N1h2 Qb6 15. Ng5 Nd4 16. c3 bxc3 17. bxc3 Nb3 18. Rb1 c4 19. d4 Qc6 20. Qh5 Bxg5 21. hxg5 Rc7 22. Ng4 Qxa4 23. Nf6+ gxf6 24. exf6 Kh8 25. Bxc7 Qc6 26. Be5 Nxe5 27. Rxe5 Qd7 28. g4 Rd8 29. Bxd5 Bb7 30. Bxb7 Qxb7 31. Re3 Rg8 32. Rd1 Qd5 33. Qxf7 Rxg5 34. Qe8+ Rg8 35. f7 1-0

[Event "Oberliga Ost-B 0809"]
[Site "Germany"]
[Date "2009.01.31"]
[Round "6.6"]
[White "Schlein, Julia"]
[Black "Weise, Martin"]
[Result "1/2-1/2"]
[WhiteElo "2147"]
[BlackElo "2144"]
[PlyCount "98"]
[EventDate "2008.10.26"]
[EventType "team-tourn"]
[EventRounds "11"]
[EventCountry "GER"]
[SourceTitle "EXT 2010"]
[Source "ChessBase"]
[SourceDate "2010.11.25"]
[SourceVersion "1"]
[SourceVersionDate "2010.11.25"]
[SourceQuality "1"]
[WhiteTeam "Steinbach"]
[BlackTeam "Hungen Lich"]
[WhiteTeamCountry "GER"]
[BlackTeamCountry "GER"]

1. d4 Nf6 2. Nf3 e6 3. c4 Nc6 4. Bg5 h6 5. Bh4 Bb4+ 6. Nc3 g5 7. Bg3 Ne4 8. Qd3 d5 9. e3 h5 10. Ne5 Bd7 11. cxd5 exd5 12. f3 Bxc3+ 13. bxc3 Nxg3 14. Nxc6 Bxc6 15. hxg3 Qd6 16. Kf2 h4 17. gxh4 gxh4 18. Qf5 Bd7 19. Qe5+ Qxe5 20. dxe5 0-0-0 21. Rd1 Be6 22. Rd4 Rh5 23. Rhxh4 Rxe5 24. f4 Re4 25. Bd3 c5 26. Rxe4 dxe4 27. Bxe4 Bxa2 28. Rh5 b6 29. g4 a5 30. Rh6 Rd2+ 31. Kf3 Rb2 32. g5 a4 33. Rh8+ Kc7 34. Ra8 Bb3 35. f5 b5 36. g6 fxg6 37. fxg6 b4 38. c4 Bxc4 39. Rxa4 Ra2 40. Rxa2 Bxa2 41. Kf4 Kd6 42. g7 Bg8 43. Bb1 b3 44. Bf5 c4 45. e4 Ke7 46. e5 Kf7 47. Ke3 Kxg7 48. Kd4 Bh7 49. Kxc4 Bxf5 1/2-1/2

[Event "Oberliga Ost-B 0809"]
[Site "Germany"]
[Date "2009.01.18"]
[Round "5.7"]
[White "Schlein, Julia"]
[Black "Vollmar, Rainer"]
[Result "0-1"]
[WhiteElo "2147"]
[BlackElo "2150"]
[PlyCount "46"]
[EventDate "2008.10.26"]
[EventType "team-tourn"]
[EventRounds "11"]
[EventCountry "GER"]
[SourceTitle "EXT 2010"]
[Source "ChessBase"]
[SourceDate "2010.11.25"]
[SourceVersion "1"]
[SourceVersionDate "2010.11.25"]
[SourceQuality "1"]
[WhiteTeam "Steinbach"]
[BlackTeam "Frankfurt BvK"]
[WhiteTeamCountry "GER"]
[BlackTeamCountry "GER"]

1. d4 g6 2. Nf3 Bg7 3. c4 c5 4. e3 Nf6 5. Nc3 0-0 6. g3 d5 7. cxd5 Nxd5 8. Bg2 Nxc3 9. bxc3 Qa5 10. Bd2 Qa6 11. Qe2 Bf5 12. Qxa6 Nxa6 13. Nh4 Bd3 14. Bxb7 Rab8 15. Bf3 g5 16. Ng2 Rb2 17. Bd1 e5 18. Bc1 Rfb8 19. h4 exd4 20. Bxb2 Rxb2 21. cxd4 cxd4 22. hxg5 dxe3 23. Nxe3 Bc3# 0-1

[Event "Oberliga Ost-B 0708"]
[Site "Germany"]
[Date "2008.04.19"]
[Round "10.6"]
[White "Schlein, Julia"]
[Black "Schracke, Guido"]
[Result "0-1"]
[WhiteElo "2144"]
[BlackElo "2205"]
[PlyCount "96"]
[EventDate "2007.10.07"]
[EventType "team-tourn"]
[EventRounds "11"]
[EventCountry "GER"]
[SourceTitle "EXT 2009"]
[Source "ChessBase"]
[SourceDate "2008.11.26"]
[SourceVersion "1"]
[SourceVersionDate "2008.11.26"]
[SourceQuality "1"]
[WhiteTeam "Steinbach"]
[BlackTeam "Hungen Lich"]
[WhiteTeamCountry "GER"]
[BlackTeamCountry "GER"]

1. d4 Nf6 2. Nf3 d5 3. c4 e6 4. Nc3 Be7 5. Bg5 0-0 6. e3 a6 7. Ne5 dxc4 8. Bxc4 b5 9. Bd3 Bb7 10. 0-0 Nbd7 11. Qc2 h6 12. Nxd7 Nxd7 13. Bxe7 Qxe7 14. Bh7+ Kh8 15. Be4 c6 16. Rfc1 f5 17. Bf3 e5 18. Ne2 Rac8 19. Qd2 Qg5 20. g3 Rfd8 21. b4 Qe7 22. a3 Kh7 23. Bg2 g6 24. Qb2 e4 25. Rc2 Nb6 26. Rac1 Qf7 27. Nf4 Rd6 28. Bf1 g5 29. Ne2 Rg8 30. Bg2 Nc4 31. Qc3 Bc8 32. Rd1 Be6 33. g4 Bd5 34. Ng3 f4 35. Bxe4+ Kh8 36. Bxd5 cxd5 37. Nf5 Rf6 38. exf4 gxf4 39. Kh1 Rxg4 40. Qh3 h5 41. Ne7 f3 42. Re1 Kg7 43. Rcc1 Kh6 44. Re5 Nxe5 45. dxe5 Re6 46. Nxd5 Rxe5 47. Ne3 Rxe3 48. fxe3 Qd5 0-1

[Event "Oberliga Ost-B 0708"]
[Site "Germany"]
[Date "2008.04.06"]
[Round "9.6"]
[White "Schlein, Julia"]
[Black "Karabalis, Harilos"]
[Result "0-1"]
[WhiteElo "2144"]
[BlackElo "2253"]
[PlyCount "74"]
[EventDate "2007.10.07"]
[EventType "team-tourn"]
[EventRounds "11"]
[EventCountry "GER"]
[SourceTitle "EXT 2009"]
[Source "ChessBase"]
[SourceDate "2008.11.26"]
[SourceVersion "1"]
[SourceVersionDate "2008.11.26"]
[SourceQuality "1"]
[WhiteTeam "Steinbach"]
[BlackTeam "Frankfurt BvK"]
[WhiteTeamCountry "GER"]
[BlackTeamCountry "GER"]

1. d4 Nf6 2. Nf3 g6 3. c4 Bg7 4. Nc3 0-0 5. e4 d6 6. Be2 e5 7. dxe5 dxe5 8. 0-0 Nbd7 9. Be3 c6 10. Qd6 Re8 11. Rfd1 Bf8 12. Qd2 Ng4 13. Bg5 f6 14. Bh4 h5 15. h3 Nh6 16. a3 Qe7 17. b4 Nf7 18. c5 Bh6 19. Qa2 Nf8 20. Bc4 Be6 21. Nd5 cxd5 22. exd5 Bf5 23. d6 Qd7 24. Bxf6 Be6 25. Nxe5 Nxe5 26. Bxe5 Kh7 27. Bf6 a5 28. Qb3 Qf7 29. Bxe6 Rxe6 30. Rd3 Rxf6 31. Qc2 axb4 32. Re1 Re8 33. Rxe8 Qxe8 34. axb4 Qe1+ 35. Kh2 Bf4+ 36. g3 Bxg3+ 37. Rxg3 Rxf2+ 0-1

[Event "Oberliga Ost-B 0708"]
[Site "Germany"]
[Date "2008.01.19"]
[Round "6.4"]
[White "Schlein, Julia"]
[Black "Schlamp, Robert"]
[Result "0-1"]
[WhiteElo "2144"]
[BlackElo "2334"]
[PlyCount "82"]
[EventDate "2007.10.07"]
[EventType "team-tourn"]
[EventRounds "11"]
[EventCountry "GER"]
[SourceTitle "EXT 2009"]
[Source "ChessBase"]
[SourceDate "2008.11.26"]
[SourceVersion "1"]
[SourceVersionDate "2008.11.26"]
[SourceQuality "1"]
[WhiteTeam "Steinbach"]
[BlackTeam "Oberursel"]
[WhiteTeamCountry "GER"]
[BlackTeamCountry "GER"]

1. d4 Nf6 2. Nf3 g6 3. c4 Bg7 4. Nc3 d5 5. Bf4 c6 6. e3 0-0 7. h3 Qa5 8. Bd3 Nbd7 9. 0-0 dxc4 10. Bxc4 b5 11. Bb3 Bb7 12. Qe2 b4 13. Na4 Ba6 14. Qc2 Bxf1 15. Rxf1 Rac8 16. Rc1 Qf5 17. Qc4 Nd5 18. Bc2 Qf6 19. Bg3 Bh6 20. Re1 a5 21. Qa6 e6 22. e4 Nf4 23. Qxa5 Qe7 24. Bh4 f6 25. e5 Nd5 26. Qa6 Bg5 27. exf6 Bxf6 28. Bxf6 Qxf6 29. Bb3 Kh8 30. Qb7 Rc7 31. Qa6 Nf4 32. Re3 c5 33. Nxc5 Nxc5 34. dxc5 Rxc5 35. Bc4 Qxb2 36. Qd6 Rcc8 37. Bxe6 Qf6 38. Qe5 Nxe6 39. Qd6 Ng7 40. Qxb4 Nf5 41. Rd3 Rfd8 0-1